000 01381nam a2200349 i 4500
003 EG-GICUC
005 20260121101442.0
008 251208s2008 ua ||||fr|||| 000 0 ara d
017 _a2008/10928
020 _a978-977-04-5658-8
040 _a EG-GICUC
_bara
_c EG-GICUC
_d EG-GICUC
_erda
041 _aara
082 0 4 _221
_a343.373
_bس ا . م
092 0 4 _221
099 _aLaw1 10 343.373 س ا . م 2008
100 0 _aسامي عبدالحليم سعيد.
_eمؤلف.
245 1 2 _aالمحكمة الجنائية الدولية :
_bالاختصاصات والمبادئ العامة /
_cسامي عبدالحليم سعيد.
264 1 _aالقاهرة :
_bدار النهضة العربية،
_c2008.
300 _a218 صفحة ؛
_c24 سم
336 _2rda content
_atext
337 _2rda media
_aComputer
338 _2rda carrier
_aOnline Resource
504 _a. 214-210 ببليوجرافيا: صفحات.
546 _aالنص أغلبه باللغة العربية مع بعض النصوص الإنجليزية
650 1 4 _aقواعد اختصاص المحاكم الجنائية
_2qrmak
650 1 4 _a أركان المساهمة الجنائية
_2qrmak
650 1 4 _aأركان الجريمة
_2qrmak
651 1 _2qrmak
856 4 0 _uhttps://fll.law.cu.edu.eg/fulltext/bks/B10-06663.pdf
905 _a79
_eHassnaa
942 _2ddc
_cBK
_e21
_n0
999 _c49151
_d49151